A szegedi Kereskedelmi és Iparbank 1928. évi üzleti jelentése
Elmentve itt :
| Dokumentumtípus: | Cikk |
|---|---|
| Megjelent: |
1929-02-17
|
| Sorozat: | Délmagyarország
5 No. 40 |
| Kulcsszavak: | Szegedi Kereskedelmi és Iparbank éves jelentés 1929 |
| Online Access: | http://dmarchiv.bibl.u-szeged.hu/46875 |
| LEADER | 00474nab a2200145 i 4500 | ||
|---|---|---|---|
| 001 | delm46875 | ||
| 005 | 20180927131855.0 | ||
| 008 | 180927s1929 hu o 0|| hun d | ||
| 040 | |a SZTE Délmagyarország Archívum |b hun | ||
| 041 | |a hun | ||
| 245 | 0 | 2 | |a A szegedi Kereskedelmi és Iparbank 1928. évi üzleti jelentése |h [elektronikus dokumentum] |
| 260 | |c 1929-02-17 | ||
| 300 | |a 13 | ||
| 490 | 0 | |a Délmagyarország |v 5 No. 40 | |
| 695 | |a Szegedi Kereskedelmi és Iparbank éves jelentés 1929 | ||